Pescados, mariscos y salsas (Registro nro. 3230)
[ vista simple ]
| 000 -CABECERA | |
|---|---|
| campo de control de longitud fija | 00416nam a2200145Ia 4500 |
| 008 - DATOS DE LONGITUD FIJA--INFORMACIÓN GENERAL | |
| campo de control de longitud fija | 141214s1994||||xx |||||||||||||| ||und|| |
| 082 ## - NÚMERO DE LA CLASIFICACIÓN DECIMAL DEWEY | |
| Número de clasificación | 641.59 |
| Número de documento/Ítem | G/3 |
| 245 ## - MENCIÓN DE TÍTULO | |
| Título | Pescados, mariscos y salsas |
| 260 ## - PUBLICACIÓN, DISTRIBUCIÓN, ETC. (PIE DE IMPRENTA) | |
| Lugar de publicación, distribución, etc. | Barcelona : |
| Nombre del editor, distribuidor, etc. | Océano, |
| Fecha de publicación, distribución, etc. | 1994 |
| 300 ## - DESCRIPCIÓN FÍSICA | |
| Extensión | La gran cocina paso a paso |
| Otras características físicas | 3 |
| 650 ## - PUNTO DE ACCESO ADICIONAL DE MATERIA--TÉRMINO DE MATERIA | |
| Término de materia o nombre geográfico como elemento inicial | Cocina internacional |
| Subdivisión general | Pescados |
| -- | Mariscos |
| -- | Salsas |
| -- | Recetas |
| 942 ## - ELEMENTOS DE PUNTO DE ACCESO ADICIONAL (KOHA) | |
| Tipo de ítem Koha | Libro |
| Fuente del sistema de clasificación o colocación | Dewey Decimal Classification |
| Estado de retiro | Estado de pérdida | Fuente del sistema de clasificación o colocación | Estado dañado | No para préstamo | Localización permanente | Ubicación/localización actual | Fecha de adquisición | Total de préstamos | Signatura topográfica completa | Código de barras | Fecha visto por última vez | Precio válido a partir de | Tipo de ítem Koha |
|---|---|---|---|---|---|---|---|---|---|---|---|---|---|
| Dewey Decimal Classification | Biblioteca CENFOTUR | Biblioteca CENFOTUR | 14/12/2014 | 641.59/G/3 | 1003221 | 14/12/2014 | 14/12/2014 | Libro |